La Intervención de Estados Unidos en Centroamérica

Enregistré dans:
Détails bibliographiques
Format: Texte
Tags: Ajouter un tag
Pas de tags, Soyez le premier à ajouter un tag!

MARC

LEADER 00000 a a2200000 04500
001 17493
003
040
245 |a La Intervención de Estados Unidos en Centroamérica  
773 |g número 83; páginas 2-14  
999 |c 25599  |d 25599